[Event "ENG-ch Seniors 65"]
[Site "Leamington Spa"]
[Date "2023.05.05"]
[Round "2"]
[White "Robinson, Steve"]
[Black "Neatherway, A Philip"]
[Result "0-1"]
[WhiteElo "1297"]
[BlackElo "1739"]
[PlyCount "88"]
[EventDate "2023.05.04"]
[EventType "swiss"]
[EventRounds "7"]
[EventCountry "ENG"]
[SourceTitle "CBM 214 Extra"]
[Source "ChessBase"]
[SourceDate "2023.07.31"]
[SourceVersion "1"]
[SourceVersionDate "2023.07.31"]
[SourceQuality "1"]

1. Nc3 d5 2. e4 e6 3. d4 Nf6 4. Bg5 Be7 5. e5 Nfd7 6. Be3 c5 7. Qg4 cxd4 8. Qxg7 Rf8 9. Bxd4 Nc6 10. 0-0-0 Nxd4 11. Rxd4 Qb6 12. Nf3 Nc5 13. Bb5+ Bd7 14. Nxd5 exd5 15. Bxd7+ Kxd7 16. Qg4+ Qe6 17. Rxd5+ Kc7 18. Qc4 Rad8 19. Rhd1 Rxd5 20. Qxd5 Qxd5 21. Rxd5 Ne4 22. Nd4 Nxf2 23. e6 fxe6 24. Nxe6+ Kc6 25. c4 Rf6 26. Nd4+ Kc7 27. Nb5+ Kb8 28. Rd7 Re6 29. Kc2 Ng4 30. Nc7 Kc8 31. Nxe6 Kxd7 32. Nd4 Nxh2 33. a3 Ng4 34. Kd3 Bf6 35. b4 h5 36. c5 Bxd4 37. Kxd4 Kc6 38. a4 a6 39. g3 Nf2 40. Ke3 Nd1+ 41. Kf4 Kd5 42. Kg5 Nf2 43. Kxh5 Kc4 44. g4 Nxg4 0-1

[Event "Harrogate 4NCL op-C 29th"]
[Site "Harrogate"]
[Date "2023.01.22"]
[Round "5"]
[White "Boustred, Noel J"]
[Black "Robinson, Steve"]
[Result "1/2-1/2"]
[WhiteElo "1644"]
[BlackElo "1371"]
[PlyCount "21"]
[EventDate "2023.01.20"]
[EventType "swiss"]
[EventRounds "5"]
[EventCountry "ENG"]
[SourceTitle "CBM 212 Extra"]
[Source "ChessBase"]
[SourceDate "2023.03.31"]
[SourceVersion "1"]
[SourceVersionDate "2023.03.31"]
[SourceQuality "1"]

1. e4 Nf6 2. e5 Nd5 3. d4 d6 4. Nf3 Bg4 5. Be2 Nc6 6. h3 Bh5 7. c4 Nb6 8. e6 h6 9. b3 fxe6 10. 0-0 Qd7 11. Ne5 1/2-1/2

[Event "ENG-ch Seniors 50"]
[Site "Solihull"]
[Date "2019.04.06"]
[Round "4"]
[White "Robinson, Steve"]
[Black "Lawrence, Roy A"]
[Result "0-1"]
[WhiteElo "1305"]
[BlackElo "1615"]
[PlyCount "46"]
[EventDate "2019.04.04"]
[EventType "swiss"]
[EventRounds "6"]
[EventCountry "ENG"]
[SourceTitle "CBM 190 Extra"]
[Source "ChessBase"]
[SourceDate "2019.07.15"]
[SourceVersion "1"]
[SourceVersionDate "2019.07.15"]
[SourceQuality "1"]

1. Nf3 c5 2. c4 Nf6 3. Nc3 g6 4. g3 Bg7 5. Bg2 0-0 6. 0-0 d6 7. d4 Nbd7 8. Rb1 Qa5 9. Qc2 Nb6 10. Nd2 cxd4 11. Nb3 Qh5 12. Nxd4 Nxc4 13. Bf3 Bg4 14. Qd3 Ne5 15. Qe3 Bxf3 16. Qg5 Qxg5 17. Bxg5 Bc6 18. f4 Nc4 19. f5 Ne4 20. Nxe4 Bxe4 21. f6 exf6 22. Bxf6 Bxf6 23. Rxf6 Bxb1 0-1

[Event "Lloydminster Battle at the Border"]
[Site "Lloydminster"]
[Date "2007.10.21"]
[Round "3"]
[White "Robinson, Steve"]
[Black "Wallace, Francis"]
[Result "1-0"]
[WhiteElo "1453"]
[BlackElo "1135"]
[PlyCount "31"]
[EventDate "2007.10.20"]
[EventType "swiss"]
[EventRounds "4"]
[EventCountry "CAN"]
[SourceTitle "EXT 2022"]
[Source "ChessBase"]
[SourceDate "2021.10.06"]
[SourceVersion "1"]
[SourceVersionDate "2021.10.06"]
[SourceQuality "1"]

1. d4 f5 2. c4 e6 3. Nc3 Bb4 4. Nf3 Nc6 5. Bg5 Nge7 6. e3 d6 7. Bd3 e5 8. d5 h6 9. Bxe7 Nxe7 10. Qa4+ Qd7 11. Qxb4 e4 12. Bc2 exf3 13. gxf3 f4 14. Ba4 c5 15. Bxd7+ Kxd7 16. Qa4+ 1-0

[Event "Lloydminster Battle at the Border"]
[Site "Lloydminster"]
[Date "2007.10.20"]
[Round "2"]
[White "Robinson, Steve"]
[Black "Carverhill, Nicholas"]
[Result "0-1"]
[WhiteElo "1453"]
[BlackElo "1370"]
[PlyCount "58"]
[EventDate "2007.10.20"]
[EventType "swiss"]
[EventRounds "4"]
[EventCountry "CAN"]
[SourceTitle "EXT 2022"]
[Source "ChessBase"]
[SourceDate "2021.10.06"]
[SourceVersion "1"]
[SourceVersionDate "2021.10.06"]
[SourceQuality "1"]

1. d4 d5 2. c4 e6 3. Nc3 c5 4. Nf3 Nf6 5. Bg5 Nbd7 6. e3 h6 7. Bh4 g5 8. Bg3 Qb6 9. Nb5 Ke7 10. Bd6+ Ke8 11. Nc7+ Kd8 12. Nxa8 Qxd6 13. Qa4 Qb8 14. Qa5+ b6 15. Nxb6 Qxb6 16. Qxb6+ axb6 17. cxd5 exd5 18. Be2 g4 19. Nd2 h5 20. Rc1 Nh7 21. Nb3 c4 22. Nd2 b5 23. 0-0 f5 24. b3 Bg7 25. f4 Re8 26. bxc4 Rxe3 27. Rfe1 Bxd4 28. Kh1 bxc4 29. Nb1 Re4 0-1